00689nam a2200193 a 450000100100000000500170001000800410002704000250006808200250009310000200011824501070013825000120024526000690025730000270032650000630035350000320041650500330044865000140048100001589720200929164208.0100222s1985 dr a 001 0 spa d aDO-SdBNPbspacBNPHU a303.34bG124L, 1985.1 aGadea, Jorge A.14aLos líderes se hacen no nacen :bmanual práctico de entrenamiento de líderes /cJorge A. Gardea. a3a. ed. aSanto Domingo :bInstituto de entrenamiento de Líderes,c1985. a87 p. :bil. ;c21 cm. aIncluye datos biográficos del autor en la contracubierta aLa biblioteca posee el v. 10 av.1 Liderismo en acción -- 4aLiderazgo